000 01301cab a22002295a 4500
001 L154671
008 120111e20111217xxk f 000 0 eng d
035 _a(Sirsi) u154671
041 0 _aeng
245 0 0 _aZestcrest Ltd v County Hall Green Ventures Ltd
260 _c2011
490 0 _aEstates Gazette
_v(1150) 17 December 2011,60-62(3)
520 _aLambeth CC, 2 August 2011. Concerns a hearing on costs in an application by Claimant tenant Z against Defendant landlord C for relief from forfeiture under the County Courts Act 1983 s 139 in respect of a business lease. Z sought costs award against C on an indemnity basis contending that C's request for a formal application for relief as relief from forfeiture could have been effected and the lease continued. "Held": costs awarded against Z. C's physical re-entry of its premises ended the lease by operation of law. A lease once forfeited will remain so and until the lessee applies for relief under s139 of the 1984 Act.
590 _aKA
650 2 4 _aZESTCREST LTD V COUNTY HALL GREEN VENTURES LTD
650 2 4 _aCOUNTY COURTS ACT 1984 S139
650 2 4 _aLANDLORD AND TENANT ACT 1954 PART II
651 4 _aEngland and Wales
_y1543-
690 _aCommercial property
_96227
690 _aLandlord and tenant
_96252
942 _n0
999 _c113096
_d113096